00463nam a22001217a 4500082001000000100001600010245010100026264003800127300002600165650005500191700003800246856005700284 a629.8 aAli, Adnan  aEffect of Image Resolution on The Classification of Cells in Peripheral Blood Smear /cAdnan Ali aIslamabad : bSMME- NUST; c2022. a55p.bSoft Copyc30cm aMS Robotics and Intelligent Machine Engineering  aSupervisor : Dr. Karam Dad Kallu uhttp://10.250.8.41:8080/xmlui/handle/123456789/30562